| 000 | 00477nam a2200181 a 4500 | ||
|---|---|---|---|
| 001 | 1660 | ||
| 003 | CO-ViMGA | ||
| 008 | 141112s2004 ck r 000 u spa d | ||
| 040 |
_aCO-ViMGA _bspa _cCO-ViMGA |
||
| 082 | 0 | 4 | _a863.64 B676m |
| 100 | 1 |
_aBoroja, Pio _950136 |
|
| 245 | 1 | 0 | _aMari Belcha y otros relatos |
| 260 |
_aSantafé de Bogotá : _bSantillana, _c1995 |
||
| 300 | _a79 p | ||
| 490 | _aRelato corto aguilar, 13 | ||
| 650 | 1 | 4 |
_aNOVELA ESPAÑOLA _9488 |
| 942 |
_2ddc _cBK |
||
| 999 |
_c13837 _d13837 |
||